000 00598nam a2200229Ia 4500
003 OSt
005 20220924125306.0
006 a|||||r|||| 00| 0
007 ta
008 TEL
024 _a329263
037 _cTextual
040 _aARTS
_cARTS
_bTEL
041 _2TEL
_aTEL
082 _aO111,3x, 35K3
100 _aCourlander Harold Ed.
_9198019
245 0 _aVetagadi koduku
260 _aRajahmundry
_bSaraswathi Power Press India
_c1963
650 _aENGLISH LITERATURE
942 _hO111,3x, 35K3
_cTEXL
_2CC
999 _c422359
_d422359